Govt. of
Madhya Pradesh

पर्यावरण प्रश्‍नोत्तरी (Record no. 63906)

MARC details
000 -LEADER
fixed length control field 00362nam a22000977a 4500
100 ## - MAIN ENTRY--AUTHOR NAME
Personal name सिंह,मीनाक्षी
245 ## - TITLE STATEMENT
Title पर्यावरण प्रश्‍नोत्तरी
260 ## - PUBLICATION, DISTRIBUTION, ETC. (IMPRINT)
Place of publication दिल्‍ली
Name of publisher वर्षा साहित्‍य सदन
Year of publication 2017
650 ## - SUBJECT ADDED ENTRY--TOPICAL TERM
Topical Term पर्यावरण
942 ## - ADDED ENTRY ELEMENTS (KOHA)
Koha item type Hindi Books
Holdings
Withdrawn status Lost status Damaged status Not for loan Home library Current library Date acquired Cost, normal purchase price Full call number Accession Number Price effective from Koha item type
        MACL MACL 22/11/2020 375.00 333 CRH036256 22/11/2020 Hindi Books